000 00368nam a2200145Ia 4500
008 240624s9999 xx 000 0 und d
041 _aeng
082 _a658.4012 GRA
100 _aGRANT ROBERT M
245 _aCONTEMPORARY STRATEGY ANALYSIS TEXT AND
250 _a(8th ed.)
260 _c2013
_aNew Delhi
_bWiley
300 _a822 : p. : cm. ; 28
365 _cRS
_b33
999 _c26330
_d26330